La isla bajo el mar / (Registro nro. 3311)
[ vista simple ]
| 000 -LEADER | |
|---|---|
| fixed length control field | 00947nam a2200193 a 4500 |
| 008 - CAMPO DE CONTROL (LIBRO) | |
| fixed length control field | 161215t2009 ag |||g |||| 00| f spa d |
| 020 ## - INTERNATIONAL STANDARD BOOK NUMBER | |
| ISBN | 9500730969 |
| 041 ## - CODIGO DE IDIOMA | |
| Código de idioma del texto/pista de sonido o título separado | spa |
| 092 ## - SIGNATURA TOPOGRAFICA DEWEY LOCAL | |
| número de clasificación | 863 |
| libristica | 3 |
| sección | ALL |
| 100 1# - ENTRADA PRINCIPAL--NOMBRE PERSONAL | |
| Nombre personal | Allende, Isabel |
| 9 (RLIN) | 3210 |
| 245 #3 - TITULO PROPIAMENTE DICHO | |
| Título | La isla bajo el mar / |
| Mención de responsabilidad y remanente de la transcripción de la portada | Isabel Allende |
| 250 ## - MENCION DE EDICION | |
| Mención de edición | 1a ed. |
| 260 ## - PIE DE IMPRENTA | |
| Lugar de publicación, distribución, etc | Buenos Aires: |
| Nombre de la editorial, distribuidor, etc | Sudamericana; |
| Fecha de publicación | 2009. |
| 300 ## - DESCRIPCION FISICA | |
| Extension | 512 p. |
| Dimensiones | 23x15 cm. |
| 500 ## - NOTA GENERAL | |
| Nota general | Allende, I. (2009). La isla bajo el mar. (1a ed.). Buenos Aires : Sudamericana. |
| 505 ## - NOTA DE CONTENIDO | |
| Nota de contenido formateada | Golpeo el suelo con las plantas de mis pies y la vida me sube por las piernas, me recorre el esqueleto, se apodera de mí, me quita la desazón y me endulza la memoria. El mundo se estremece. El ritmo nace en la isla bajo el mar, sacude la tierra, me atraviesa como un relámpago y se va al cielo llevándose mis pesares. "Baila, baila, Zarité, porque esclavo que baila es libre...mientras baila." |
| 655 ## - MATERIA - GENERO/FORMA | |
| Género/Forma | Novela |
| -- | 3091 |
| 942 ## - ADDED ENTRY ELEMENTS (KOHA) | |
| Source of classification or shelving scheme | Dewey Decimal Classification |
| Item type | LITERATURA |
| Estado de retiro | Existencia | Fuente de clasificación | Estado general | No para prestamo | Ubicación permanente | ubicación actual | Sala de ubicación | Fecha de adquisición | Fuente de adquisición | Total Checkouts | Número de clasificación | Código de barras | Date last seen | Número de ejemplar | Price effective from | Koha tipo de elemento (item) | Public note | Coded location qualifier |
|---|---|---|---|---|---|---|---|---|---|---|---|---|---|---|---|---|---|---|
| Dewey Decimal Classification | Biblioteca Medicina | Biblioteca Medicina | Circulación | 22/09/2025 | Donación Guerra, Valeria. Septiembre 2025. | 863 3 ALL | 5116 | 22/09/2025 | Ej. 1 | 22/09/2025 | LITERATURA | Donación Guerra, Valeria. Septiembre 2025. Sede Tordos. |